| 000 | 00379nam a22001577a 4500 | ||
|---|---|---|---|
| 003 | OSt | ||
| 008 | 230223b |||||||| |||| 00| 0 eng d | ||
| 041 | _amal | ||
| 082 |
_a894.812 3 _bVIJ/MA |
||
| 100 |
_aVijayan, P.K _95390 |
||
| 245 | _aMahabharatham:Suyodhanaparvam | ||
| 250 | _I3rd | ||
| 260 |
_aThiruvananthapuram _CChintha Publishers _c2021 |
||
| 300 | _a503 | ||
| 942 | _cBK | ||
| 999 |
_c17635 _d17635 |
||